| 000 | 01308nam0a22003371 4500 | ||
|---|---|---|---|
| 001 | v19\rc\1409853 | ||
| 005 | 20060512131058.3 | ||
| 035 | _a(NLR Aleph) 004538632 | ||
| 090 |
_a1973290 _c1973290 |
||
| 100 | _a20060512d1878 |||y0rusy50 ca | ||
| 101 | 0 |
_arus _alat |
|
| 102 | _aRU | ||
| 105 | _ay j ||||| | ||
| 200 | 1 |
_aЗадачи для переводов на латинский язык _eИзбр. ст. из сб. Зюйфле, Гааке и др. для упражнений в сред. и высш. кл. гимназий _eС ссылками на грамматики Ходобая, Кесслера, Зейферта и стилист. примеч. _fСост. Ю. Баз |
|
| 210 |
_aСанкт-Петербург _cтип. В.С. Балашева _d1878 |
||
| 215 |
_aIV, 255 с. _d18 |
||
| 700 | 1 |
_aБаз _bЮ. К. _gЮлий Карлович |
|
| 702 | 1 |
_aЗюйфле _4570 |
|
| 702 | 1 |
_aГааке _bВ. _f1855- _gВильгельм _4570 |
|
| 702 | 1 |
_aХодобай _4100 |
|
| 702 | 1 |
_aКесслер _4100 |
|
| 702 | 1 |
_aЗейферт _4100 |
|
| 801 | 0 |
_aRU _bNLR _gpsbo |
|
| 801 | 0 |
_aRU _bRuMoRGB _2psbo |
|
| 801 | 1 |
_aRU _bProSoft-M _2rusmarc |
|
| 852 |
_aNLR _j18.2.9.49 |
||
| 899 |
_aRuMoRGB _jE 12/524 |
||
| 899 | _aБАН | ||
| 899 | _aНБ СПбГУ | ||
| 942 | _cBOOK | ||
| 980 | _aNB | ||